000 01812aam a2200373 i 4500
001 768714001
003 CO-MdFUSB
005 20231205145341.0
007 ta
008 231101t20042004spa||||g |||| 00| 0 spa d
020 _a8432134945
040 _aCO-MdFUSB
_bspa
_cCO-MdFUSB
_dCO-MdFUSBC
_erda
041 _aspa
082 _223
_a946.057
_bM378
100 _aMartí Gilabert, Francisco,
_eautor
245 _aCarlos III y la politica religiosa
_c/ Francisco Martí Gilabert
264 1 _aMadrid, España :
_bEdiciones Rialp,
_c[2004]
264 4 _c©2004
300 _a195 páginas
_c19 cm
336 _2rdacontent
_atexto
_btxt
337 _2rdamedia
_asin mediación
_bn
338 _2rdacarrier
_avolumen
_bnc
504 _aIncluye índice y bibliografía
505 _tCarlos III:
_aConsideraciones generales -- El nuevo Rey de España -- Muerte de la inquisición -- El despotismo ilustrado.
505 _tRegalismo Carolino:
_aRodríguez de Campomanes -- Disposiciones reales -- Los cementerios -- Presentación de los obispos -- Mordaza a la universidad.
505 _tEl motín de Esquilache y sus consecuencias:
_aAmbiente hostil a los jesuitas -- Monopolio de la enseñanza -- El motín de Esquilache -- El obispo de cuenca: su oposición al gobierno.
505 _tExpulsión de los jesuitas de España:
_aEl consejo extraordinario -- La opinión episcopal -- Extradición de los jesuitas de España -- Causas de la expulsión -- El monitorio de Parma.
505 _tExtinción de la compañía de Jesús:
_aConsigna de los Borbones -- Clemente XIV: entre dos frentes -- Extinción de la compañía de Jesús -- De Pio VI a Pio VII
563 _aRústico.
650 7 _9288
_aIglesia y Estado
_y1759-1788
651 0 _aEspaña,
_xReligión
_y1759-1788
942 _cBK
945 _asor1564
999 _c69259
_d69259